| 000 | 01745cam a2200349 a 4500 | ||
|---|---|---|---|
| 005 | 20071127110737.0 | ||
| 008 | 060703r20082005mnua j 000 1 eng | ||
| 010 | _aB-384986-990 | ||
| 020 |
_a9781846470165 _c110.00 |
||
| 020 |
_a1846470161 _c110.00 |
||
| 035 | _aB-384986-990 | ||
| 037 | _bBlueberry Books | ||
| 040 |
_adpl _bEnglish |
||
| 082 | _aS | ||
| 100 | _aRodda, Emily | ||
| 245 |
_aThe Star Cloak / _cby Emily Rodda |
||
| 260 |
_aLondon _bCatnip Books _c2006 |
||
| 270 |
_aIslington Business Centre, 3-5 Islington High Street, _bLondon |
||
| 300 |
_a89 p. : _c20cm(pbk) |
||
| 490 |
_aFairy realm ; _vbook. 7 |
||
| 500 | _aSequel to: The unicorn. | ||
| 500 | _aSequel: The water sprites. | ||
| 650 |
_aMagic _vFiction. |
||
| 650 |
_aFairies _vFiction. |
||
| 942 |
_2ddc _cCH _hS _mROD |
||
| 999 |
_c32589 _d32589 |
||